000 00251nam a22001097a 4500
082 _a620.3FRA
100 _aFrancis S Tse
245 _aMeasurement mechanical vibrations theory and application
260 _aLondon
_c1979
300 _a449
942 _cBK
999 _c12343
_d12343